| 000 | 01540nam a2200349 i 4500 | ||
|---|---|---|---|
| 001 | bg | ||
| 003 | BPK | ||
| 005 | 20251117134650.0 | ||
| 008 | 060414s2005 pl |000 0 pol | ||
| 015 | _aPB 2006/17276 | ||
| 040 |
_aWA N _cWA N |
||
| 041 | 1 |
_apol _hger |
|
| 080 | _a81"17/19" | ||
| 080 | _a1"17/19" | ||
| 100 | 1 |
_aAndrzejewski, Bolesław _d(1946- ) _eAutor |
|
| 245 | 1 | 0 |
_aPoznanie i komunikacja : _bszkice z nowożytnej i współczesnej filozofii języka / _cBolesław Andrzejewski. |
| 260 |
_aKoszalin : _bWydawnictwo Uczelniane Politechniki Koszalińskiej, _c2005. |
||
| 300 |
_a137 s. ; _c24 cm. |
||
| 490 | 1 | _aMonografia Instytutu Neofilologii i Europeistyki / Politechnika Koszalińska. | |
| 500 | _aNa książce zbędny ISSN i nr serii: Monografie / Wyższa Szkoła Inżynierska w Koszalinie. | ||
| 504 | _aBibliogr. s. 134-137. | ||
| 546 | _aTekst częśc. tł. z niem. | ||
| 650 | 4 |
_aJęzyk _xfilozofia _y19-20 w. |
|
| 650 | 4 |
_aJęzyk _xfilozofia _xhistoria _y18-20 w. |
|
| 650 | 4 |
_aJęzyk _xteoria _y19-20 w. |
|
| 650 | 4 |
_aJęzyk _xteoria _xhistoria _y18-20 w. |
|
| 710 | 2 |
_aPolitechnika Koszalińska. _bWydawnictwo Uczelniane. _4pbl. |
|
| 830 | 0 | _aMonografia Instytutu Neofilologii i Europeistyki - Politechnika Koszalińska. | |
| 856 |
_uhttp://koha.tu.koszalin.pl/cgi-bin/koha/opac-detail.pl?biblionumber=46756 _yKatalog online BPK |
||
| 856 |
_uhttps://dlibra.tu.koszalin.pl/dlibra/publication/2079/edition/2069 _yBiblioteka Cyfrowa |
||
| 942 |
_2UKD _cKS |
||
| 999 |
_c46756 _d46756 |
||